000 01262cam a2200277 a 4500
001 15656637
005 20170105102858.0
008 090312s2009 nyua b 001 0 eng
010 _a 2009009389
020 _a9780670021109
035 _a(OCoLC)ocn315238375
040 _aDLC
_cDLC
_dYDX
_dVP@
_dDLC
050 0 0 _aBF456.R2
_bD36 2009
082 0 0 _a418/.4019
_222
100 1 _aDehaene, Stanislas.
245 1 0 _aReading in the brain :
_bthe science and evolution of a human invention /
_cStanislas Dehaene.
260 _aNew York :
_bViking,
_c2009.
300 _axi, 388 p. :
_bill. ;
_c24 cm.
504 _aIncludes bibliographical references (p. 331-375) and index.
520 _aIn this riveting investigation, Stanislas Dehaene provides an accessible account of the brain circuitry of reading and explores what he calls the "reading paradox": Our cortex is the product of millions of years of evolution in a world without writing, so how did it adapt to recognize words?
650 0 _aReading, Psychology of.
650 0 _aReading
_xPhysiological aspects.
906 _a7
_bcbc
_corignew
_d1
_eecip
_f20
_gy-gencatlg
942 _2ddc
_cBK
999 _c14559
_d14559